[Event "Norman Friedman Memorial"]
[Site "Boise, ID"]
[Date "2018.10.14"]
[Round "5.1"]
[White "Companyo, Josep"]
[Black "Forster, Manfred"]
[Result "1/2-1/2"]
[WhiteElo "2039"]
[BlackElo "1740"]
[EventType "swiss"]
[EventRounds "5"]
[EventCountry "USA"]

1. f4 e5 2. fxe5 d6 3. Nf3 Nc6 4. e4 dxe5 5. Bb5 Bd6 6. Bxc6+ bxc6 7. O-O Ba6
8. d3 Qd7 9. Be3 Nf6 10. Nbd2 Ng4 11. Qe1 Qe7 12. Nb3 O-O 13. h3 Nxe3 14. Qxe3
Bc8 15. Kh1 f5 {#d} 1/2-1/2

[Event "Norman Friedman Memorial"]
[Site "Boise, ID"]
[Date "2018.10.14"]
[Round "5.2"]
[White "Wei, James"]
[Black "Parsons, Larry R"]
[Result "1/2-1/2"]
[WhiteElo "1656"]
[BlackElo "2000"]
[EventType "swiss"]
[EventRounds "5"]
[EventCountry "USA"]

1. e4 g6 2. d4 d6 3. Nf3 Nf6 4. Nc3 Bg7 5. Be3 Ng4 6. Bc1 O-O 7. h3 Nf6 8. Bc4
Nxe4 9. Nxe4 d5 10. Bd3 dxe4 11. Bxe4 Nd7 12. Be3 Nf6 13. Bd3 Nd5 14. Qd2 Nxe3
15. fxe3 c5 16. Bc4 Qc7 17. Bb3 Qg3+ 18. Qf2 Qxf2+ 19. Kxf2 b6 20. c4 Bb7 21.
Rhd1 Rfd8 22. dxc5 bxc5 23. Rab1 Be4 24. Rxd8+ Rxd8 25. Rd1 Rxd1 26. Bxd1 Bxb2
27. Nd2 Bc6 28. Nb3 Ba3 29. Bf3 Bd7 30. Bg4 f5 31. Bf3 Kf7 32. Kg3 Kf6 33. Kf2
Ke5 34. Ke2 Kd6 35. Kd3 e5 36. Bd5 Be6 37. Bxe6 Kxe6 38. e4 f4 39. Ke2 h5 40.
Nd2 g5 41. Nb1 Bb2 42. a4 g4 43. Nd2 Kd6 44. h4 Bd4 45. Nb3 Bc3 46. Kf2 Bd4+
47. Ke2 Bg1 48. Nd2 Kc6 49. a5 Kb7 50. Nb3 Ka6 51. Kf1 Bd4 52. Ke2 Kb7 53. Kf1
Kc6 54. Nd2 Bc3 55. Nb3 Bb4 56. Ke2 Kb7 57. Kf1 Ka6 58. Ke2 Kb7 59. Kf1 Kc7
60. Kf2 Kd8 61. Ke2 Ke7 62. Kf1 Kf6 63. Ke2 Kg6 64. Kf1 Bc3 65. Ke2 Bd4 66.
Kf1 Kf6 67. Nd2 Be3 68. Nb3 Ke6 69. Na1 f3 70. gxf3 gxf3 71. Nb3 Bd4 72. Nd2
Bc3 73. Nb3 {#d} 1/2-1/2

[Event "Norman Friedman Memorial"]
[Site "Boise, ID"]
[Date "2018.10.14"]
[Round "5.3"]
[White "Fucsko, Janos"]
[Black "Machin, Alex James"]
[Result "1/2-1/2"]
[WhiteElo "1695"]
[BlackElo "1845"]
[EventType "swiss"]
[EventRounds "5"]
[EventCountry "USA"]

1. Nf3 d5 2. e4 dxe4 3. Ng5 Nf6 4. Nc3 e6 5. Ngxe4 Nbd7 6. d3 Be7 7. Be2 O-O
8. O-O Nd5 9. f4 N7f6 10. Bf3 b6 11. Nxf6+ Bxf6 12. Nxd5 exd5 13. c3 Rb8 14.
Re1 Ba6 15. d4 Qd7 {#d} 1/2-1/2

[Event "Norman Friedman Memorial"]
[Site "Boise, ID"]
[Date "2018.10.14"]
[Round "5.4"]
[White "Roland, Jeffrey T"]
[Black "Kitterman, Andrew Nicholas"]
[Result "1-0"]
[WhiteElo "1731"]
[BlackElo "1478"]
[EventType "swiss"]
[EventRounds "5"]
[EventCountry "USA"]

1. e4 c5 2. Nf3 d6 3. d4 cxd4 4. Nxd4 Nf6 5. Nc3 a6 6. Bg5 Nbd7 7. Be2 e6 8.
O-O Be7 9. Kh1 O-O 10. f4 b5 11. Nc6 Qe8 12. Nxe7+ Qxe7 13. e5 dxe5 14. fxe5
Nxe5 15. Qd4 {#r} 1-0

[Event "Norman Friedman Memorial"]
[Site "Boise, ID"]
[Date "2018.10.14"]
[Round "5.5"]
[White "He, Justin"]
[Black "Kircher, Caleb"]
[Result "0-1"]
[WhiteElo "1346"]
[BlackElo "1904"]
[EventType "swiss"]
[EventRounds "5"]
[EventCountry "USA"]

1. e4 g6 2. d4 Bg7 3. Nf3 c5 4. Bc4 cxd4 5. Nxd4 Nc6 6. Nxc6 bxc6 7. c3 d6 8.
Be3 Nf6 9. Nd2 O-O 10. O-O d5 11. exd5 cxd5 12. Bb3 Ng4 13. Qf3 Nxe3 14. Qxe3
Ba6 15. Rfe1 e6 16. Nf3 Qc7 17. Rac1 Rab8 18. Nd4 Qb6 19. Rcd1 Rfc8 20. h3 Qc5
21. Ba4 Rb6 22. Rd2 h6 23. Bb3 Rd8 24. Bc2 Rbd6 25. Bb3 Bb7 26. Red1 Qb6 27.
Kh1 Ba8 28. Rd3 Qb7 29. Qg3 e5 30. Nc2 d4 31. cxd4 exd4 32. f3 Qd7 33. Qf2 Bb7
34. Bc4 Kh7 35. Bb3 Ba6 36. R3d2 d3 37. Nb4 Bb5 38. Nd5 Rxd5 39. Bxd5 Qxd5 40.
a3 Rd7 41. Rc1 Bd4 42. Qe1 Qe6 43. Qxe6 fxe6 44. Re1 e5 45. a4 Ba6 46. g3 Rc7
47. Red1 Rc2 48. b4 Rxd2 49. Rxd2 Bc3 50. b5 Bxd2 {#R} 0-1

[Event "Norman Friedman Memorial"]
[Site "Boise, ID"]
[Date "2018.10.14"]
[Round "5.6"]
[White "Presutti, Michael J"]
[Black "Zeng, Forrest"]
[Result "1-0"]
[WhiteElo "1713"]
[BlackElo "1332"]
[EventType "swiss"]
[EventRounds "5"]
[EventCountry "USA"]

1. e4 c5 2. Nf3 d6 3. c3 Nf6 4. Be2 Nxe4 5. Qa4+ Nc6 6. Qxe4 e6 7. d4 d5 8.
Qd3 cxd4 9. cxd4 Bd6 10. Nc3 Bd7 11. Qd1 a6 12. Be3 Qc7 13. Rc1 O-O 14. O-O
Rac8 15. Bd3 Bf4 16. Qd2 Bd6 17. Bb1 Ne7 18. Nxd5 Qd8 19. Rxc8 Nxc8 20. Qd3 f5
21. Nc3 Bc6 22. d5 exd5 23. Bd4 Ne7 24. Qe3 Ng6 25. Qe6+ Kh8 26. Ne5 Bxe5 27.
Bxe5 Re8 28. Bxg7+ Kxg7 29. Qxf5 Re5 30. Qf3 Qe7 31. Bxg6 hxg6 32. Qf4 b5 33.
Qd4 Kh7 34. b4 Rh5 35. a3 Rh4 36. f4 Qe6 37. Rd1 Rh5 38. Qa7+ Kh6 39. Qd4 Kh7
40. h3 g5 41. Nxd5 Bxd5 42. Qxd5 Qe3+ 43. Kh1 Qxf4 44. Qd7+ {#r} 1-0

[Event "Norman Friedman Memorial"]
[Site "Boise, ID"]
[Date "2018.10.14"]
[Round "5.7"]
[White "Dagher, Dr. Gaby"]
[Black "Ang, Ching-E Nobel"]
[Result "1-0"]
[WhiteElo "1732"]
[BlackElo "1297"]
[EventType "swiss"]
[EventRounds "5"]
[EventCountry "USA"]

1. e4 e5 2. Nf3 Nc6 3. Bc4 Nf6 4. Ng5 d5 5. exd5 Na5 6. Bb5+ c6 7. dxc6 bxc6
8. Ba4 Qc7 9. Qe2 Bd6 10. Nc3 O-O 11. Nge4 Nd5 12. Nxd5 cxd5 13. Nxd6 Qxd6 14.
O-O Ba6 15. Bb5 Bxb5 16. Qxb5 Nc4 17. b3 Rfb8 18. Qa4 Rb4 19. Ba3 Rxa4 20.
Bxd6 Ra6 21. bxc4 Rxd6 22. cxd5 Rxd5 23. Rfd1 f5 24. Rab1 Rad8 25. d3 e4 26.
Kf1 exd3 27. Rxd3 Rxd3 28. cxd3 Rxd3 29. Rb8+ Kf7 30. Rb7+ Kg6 31. Rxa7 Rd6
32. a4 Kf6 33. a5 h6 34. a6 g5 35. Ra8 Ke7 36. a7 Ra6 37. Rh8 Ra1+ 38. Ke2
Ra2+ 39. Kd3 Rxf2 40. a8=Q Rxg2 41. Qxg2 {#r} 1-0

[Event "Norman Friedman Memorial"]
[Site "Boise, ID"]
[Date "2018.10.14"]
[Round "5.8"]
[White "Porth, Desmond"]
[Black "Porth, Adam"]
[Result "1-0"]
[WhiteElo "1594"]
[BlackElo "1375"]
[EventType "swiss"]
[EventRounds "5"]
[EventCountry "USA"]

1. c4 c5 2. Nc3 d6 3. g3 Nf6 4. Bg2 g6 5. Nf3 Bg7 6. O-O O-O 7. d3 e5 8. Be3
Ng4 9. Nd5 Nxe3 10. Nxe3 b6 11. Nd5 Bb7 12. b4 Nc6 13. Rb1 Ne7 14. Nxe7+ Qxe7
15. b5 Rab8 16. a4 {#r} 1-0

[Event "Norman Friedman Memorial"]
[Site "Boise, ID"]
[Date "2018.10.14"]
[Round "5.9"]
[White "Shepard, River"]
[Black "Machakos, Seth"]
[Result "1/2-1/2"]
[WhiteElo "1200"]
[BlackElo "1503"]
[EventType "swiss"]
[EventRounds "5"]
[EventCountry "USA"]

1. e4 e5 2. Nf3 Nc6 3. Bb5 a6 4. Ba4 Nf6 5. O-O b5 6. Bb3 Be7 7. Re1 d6 8. c3
O-O 9. h3 Na5 10. Bc2 c5 11. b4 cxb4 12. cxb4 Nc6 13. a3 Re8 14. Bb2 Bb7 15.
d4 Bf8 16. d5 Ne7 17. Nbd2 Ng6 18. Nb3 Nd7 19. Na5 Qb8 20. Rc1 Nb6 21. Bb3 Rc8
22. Qd2 Qa7 23. Qe3 Rxc1 24. Rxc1 Rc8 25. Rxc8 Bxc8 26. Nc6 Qc7 27. Qc1 Nf4
28. Qc2 {#d} 1/2-1/2

[Event "Norman Friedman Memorial"]
[Site "Boise, ID"]
[Date "2018.10.14"]
[Round "5.10"]
[White "Wang, William"]
[Black "Felice, Louis"]
[Result "0-1"]
[WhiteElo "1148"]
[BlackElo "1387"]
[EventType "swiss"]
[EventRounds "5"]
[EventCountry "USA"]

1. d4 f5 2. Nf3 Nf6 3. Bf4 g6 4. h3 d6 5. Nc3 Bg7 6. e3 c6 7. Bd3 O-O 8. O-O
Qe8 9. Re1 Nbd7 10. Qd2 e5 11. Bh2 e4 12. Be2 exf3 13. Bxf3 d5 14. b4 Nb6 15.
Be2 Be6 16. b5 h6 17. f3 g5 18. Be5 g4 19. Bxf6 Bxf6 20. fxg4 fxg4 21. hxg4
Qd7 22. Qd3 Qg7 23. Rf1 Bxg4 24. Bxg4 Qxg4 25. Rf3 Bg7 26. e4 Rxf3 27. Qxf3
Qxf3 28. gxf3 {#R} 0-1

[Event "Norman Friedman Memorial"]
[Site "Boise, ID"]
[Date "2018.10.14"]
[Round "5.11"]
[White "Leifeste, Bryce"]
[Black "Baumann, Christopher J"]
[Result "1-0"]
[WhiteElo "1296"]
[BlackElo "879"]
[EventType "swiss"]
[EventRounds "5"]
[EventCountry "USA"]

1. e4 e5 2. Nf3 Nc6 3. d4 d6 4. dxe5 Bg4 5. Nc3 Bxf3 6. Qxf3 dxe5 7. Bc4 Nf6
8. Nd5 Be7 9. O-O Nd4 10. Nxf6+ Bxf6 11. Qh5 O-O 12. Rd1 Qe7 13. c3 b5 14. Bd3
g6 15. Qh6 Bg7 16. Qh3 Ne6 17. Bxb5 Nf4 18. Bxf4 exf4 19. Qf3 g5 20. Bd3 Be5
21. Qh5 f6 22. Bc4+ Kg7 23. Rd3 Bd6 24. Rh3 Rh8 25. Qh6# 1-0

[Event "Norman Friedman Memorial"]
[Site "Boise, ID"]
[Date "2018.10.14"]
[Round "5.12"]
[White "Baumann, David C"]
[Black "Connors III, John E"]
[Result "1-0"]
[WhiteElo "698"]
[BlackElo "618"]
[EventType "swiss"]
[EventRounds "5"]
[EventCountry "USA"]

1. d4 d5 2. e3 Nc6 3. f4 Be6 4. Bd3 f5 5. Nf3 g6 6. O-O Bg7 7. c3 Nf6 8. Nbd2
O-O 9. b4 Nh5 10. a4 Bh6 11. Ne5 Nxf4 12. exf4 g5 13. Nxc6 bxc6 14. Nf3 gxf4
15. Ne5 Qe8 16. Rb1 Rb8 17. Qe1 c5 18. Bb5 Qd8 19. Nc6 Qc8 20. Nxb8 Qxb8 21.
Qxe6+ Rf7 22. Qxh6 cxb4 23. Rxb4 Rf6 24. Qxf4 Qf8 25. Rf3 Qg7 26. Rg3 Rg6 27.
Rxg6 Qxg6 28. Rb3 e6 29. Qxc7 Qg7 30. Bd7 e5 31. Be6+ Kf8 32. Rb8# 1-0

[Event "Norman Friedman Memorial"]
[Site "Boise, ID"]
[Date "2018.10.14"]
[Round "5.13"]
[White "Leifeste, Jef"]
[Black "Gokei, Cole"]
[Result "1-0"]
[WhiteElo "427"]
[BlackElo "788"]
[EventType "swiss"]
[EventRounds "5"]
[EventCountry "USA"]

1. e4 e5 2. Nf3 Nc6 3. Bc4 Nf6 4. c3 Nxe4 5. d4 exd4 6. cxd4 Nf6 7. O-O d5 8.
Re1+ Be6 9. Bb5 Qd6 10. Nc3 O-O-O 11. Qb3 Bg4 12. Ne5 Re8 13. Bf4 Nxd4 14. Qa4
Re7 15. Qxa7 c6 16. Qxd4 cxb5 17. Nxb5 Qa6 18. Rac1+ Kb8 19. Nd7+ {#r} 1-0

[Event "Norman Friedman Memorial"]
[Site "Boise, ID"]
[Date "2018.10.14"]
[Round "5.15"]
[White "Qiu, Steven"]
[Black "Daghir, George"]
[Result "1-0"]
[WhiteElo "580"]
[BlackElo "245"]
[EventType "swiss"]
[EventRounds "5"]
[EventCountry "USA"]

1. e4 e5 2. Nf3 Nc6 3. d4 exd4 4. Nxd4 Nxd4 5. Qxd4 Nf6 6. Be2 Bb4+ 7. Nd2 Qe7
8. Qe3 O-O 9. O-O d6 10. f4 Bc5 11. Qf2 Bxf2+ 12. Rxf2 Bg4 13. Nf3 Nxe4 14.
Rf1 Qf6 15. Bd3 d5 16. a4 Qg6 17. Nh4 Qh5 18. Nf3 g5 19. fxg5 f6 20. h3 Bd7
21. g4 Qxh3 22. Bf4 fxg5 23. Bxg5 Nd2 24. Rfd1 Nxf3+ 25. Kf2 Qh2+ 26. Ke3
Rae8+ {27. Kd4 (Illegal move, but for some reason the opponent allowed it. The
rest of the game is as follows...) 27...Qe5+ 28.Kc5 b6+ 29.Kb4 a5+ 30.Ka3 Qxg5
31.Rh1 Qe7+ 32.Ka2 Bxa4 33.Rxh7 Rf7 34.Rh6 Nd2 35.b3 Bd7 36.Rah1 Kg7 37.Rg6+
Kf8 38. Rh8#.} 1-0

[Event "2020 Norman Friedman CLASSIC"]
[Site "Chess.com"]
[Date "2020.10.10"]
[Round "1"]
[White "iballisticsquid123"]
[Black "bigdonkeyhead"]
[Result "1-0"]
[WhiteElo "2122"]
[BlackElo "1444"]

1. e4 } 1... c6 } 2. d4 } 2... d5 } 3. Nc3 } 3... e6 } 4. e5 } 4... a6 } 5.
Bd3 } 5... c5 } 6. Nf3 } 6... Nc6 } 7. dxc5 } 7... Bxc5 } 8. O-O } 8... Nge7 }
9. Re1 } 9... O-O } 10. Bxh7+ } 10... Kxh7 } 11. Ng5+ } 11... Kg8 } 12. Qh5 }
12... Bxf2+ } 13. Kxf2 } 13... Re8 } 14. Qxf7+ } 14... Kh8 } 15. Re3 } 15...
Ng8 } 16. Rh3+ } 16... Nh6 } 17. Rxh6+ } {#r} 1-0

[Event "2020 Norman Friedman CLASSIC"]
[Site "Chess.com"]
[Date "2020.10.10"]
[Round "1"]
[White "iwillbeatyou2day"]
[Black "little_pikachu_soya"]
[Result "0-1"]
[WhiteElo "1068"]
[BlackElo "1631"]

1. e4 } 1... c5 } 2. c3 } 2... e6 } 3. d4 } 3... cxd4 } 4. cxd4 } 4... d5 } 5.
exd5 } 5... exd5 } 6. Nc3 } 6... Nf6 } 7. Nf3 } 7... Bb4 } 8. a3 } 8... Ba5 }
9. b4 } 9... Bb6 } 10. Be3 } 10... O-O } 11. Be2 } 11... Qc7 } 12. Rc1 } 12...
Qe7 } 13. Bg5 } 13... Be6 } 14. O-O } 14... Nbd7 } 15. Bd3 } 15... h6 } 16.
Bd2 } 16... Rac8 } 17. Re1 } 17... a6 } 18. Bf5 } 18... Qd6 } 19. Bxe6 } 19...
fxe6 } 20. Ne5 } 20... Bxd4 } 21. Nxd7 } 21... Qxd7 } 22. Ne2 } 22... Rxc1 }
23. Qxc1 } 23... Rc8 } 24. Qb1 } 24... Ba7 } 25. Rc1 } 25... Ne4 } 26. Rxc8+ }
26... Qxc8 } 27. Be3 } 27... Bxe3 } 28. fxe3 } 28... Qf8 } 29. Qe1 } 29... Qf6
} 30. Nc1 } 30... Qc3 } 31. Qxc3 } 31... Nxc3 } 32. Nd3 } 32... b6 } 33. Ne5 }
33... Nb5 } 34. a4 } 34... Nc3 } 35. a5 } 35... b5 } 36. Kf2 } 36... Na2 } 37.
Nd3 } 37... Kf7 } 38. Ke2 } 38... Nc3+ } 39. Kd2 } 39... Ne4+ } 40. Kc2 }
40... Kf6 } 41. Kd1 } 41... e5 } 42. Ke2 } 42... Kf5 } 43. Nc5 } 43... Nxc5 }
44. bxc5 } 44... Ke6 } 45. Kd3 } 45... Kd7 } 46. e4 } 46... d4 } 47. Ke2 }
47... Kc6 } 48. Kd3 } 48... Kxc5 } 49. Ke2 } 49... b4 } 50. Kd2 } 50... Kc4 }
51. Kc2 } 51... b3+ } 52. Kb2 } 52... d3 } 53. Kc1 } 53... Kc3 } 54. Kd1 }
54... d2 } 55. Ke2 } 55... b2 } 56. Kd1 } 56... b1=Q+ } 57. Ke2 } 57... Qxe4+
} 58. Kf2 } 58... d1=N+ } 59. Kg3 } 59... Qe3+ } 60. Kg4 } 60... Nf2+ } 61.
Kh4 } 61... Qg5# } 0-1

[Event "2020 Norman Friedman CLASSIC"]
[Site "Chess.com"]
[Date "2020.10.10"]
[Round "1"]
[White "HandsomeTroll"]
[Black "caracleliem"]
[Result "1-0"]
[WhiteElo "1680"]
[BlackElo "1262"]

1. d4 } 1... d5 } 2. Bf4 } 2... Nf6 } 3. e3 } 3... e6 } 4. Nf3 } 4... c6 } 5.
c3 } 5... Nbd7 } 6. Bd3 } 6... Be7 } 7. Nbd2 } 7... O-O } 8. O-O } 8... b5 }
9. Ne5 } 9... Bb7 } 10. Qe2 } 10... a6 } 11. a3 } 11... c5 } 12. e4 } 12... c4
} 13. Bc2 } 13... Nb6 } 14. f3 } 14... Nh5 } 15. Be3 } 15... a5 } 16. Rf2 }
16... b4 } 17. exd5 } 17... exd5 } 18. f4 } 18... bxa3 } 19. Qxh5 } 19... g6 }
20. Qg4 } 20... axb2 } 21. Rb1 } 21... a4 } 22. Rxb2 } 22... a3 } 23. Ra2 }
23... Na4 } 24. Bxa4 } 24... Rxa4 } 25. f5 } 25... Qa5 } 26. Nb1 } 26... Qb5 }
27. Rf1 } {#r} 1-0

[Event "2020 Norman Friedman CLASSIC"]
[Site "Chess.com"]
[Date "2020.10.10"]
[Round "1"]
[White "NLchaos"]
[Black "karens7"]
[Result "1-0"]
[WhiteElo "1615"]
[BlackElo "943"]

1. d4 } 1... d5 } 2. Nf3 } 2... Nf6 } 3. e3 } 3... Nc6 } 4. Bb5 } 4... Bd7 }
5. c4 } 5... e6 } 6. O-O } 6... a6 } 7. Bxc6 } 7... Bxc6 } 8. cxd5 } 8... Bxd5
} 9. Nc3 } 9... c6 } 10. Qd3 } 10... Bxf3 } 11. gxf3 } 11... Bb4 } 12. a3 }
12... Bxc3 } 13. bxc3 } 13... O-O } 14. a4 } 14... b5 } 15. Ba3 } 15... Re8 }
16. Bc5 } 16... Nd7 } 17. Bd6 } 17... Nf6 } 18. Bg3 } 18... c5 } 19. Rfd1 }
19... c4 } 20. Qe2 } 20... Nd5 } 21. Qc2 } 21... Nb6 } 22. axb5 } 22... axb5 }
23. Rxa8 } 23... Qxa8 } 24. e4 } 24... f5 } 25. Rb1 } 25... Qc6 } 26. Qb2 }
26... fxe4 } 27. Qxb5 } 27... Qxb5 } 28. Rxb5 } 28... Na4 } 29. fxe4 } 29...
Nxc3 } 30. Rb7 } 30... Nxe4 } 31. Be5 } 31... Nf6 } 32. Rc7 } 32... h6 } 33.
Rxc4 } 33... Rb8 } 34. Bxb8 } 34... Ng4 } 35. Rc8+ } 35... Kf7 } 36. Be5 }
36... Nxe5 } 37. dxe5 } 37... g5 } 38. Rc6 } 38... Ke7 } 39. Kg2 } 39... h5 }
40. Kg3 } 40... Kd7 } 41. Rd6+ } 41... Ke7 } 42. f4 } 42... h4+ } 43. Kg4 }
43... gxf4 } 44. Kxf4 } 44... h3 } 45. Kg3 } 45... Kf7 } 46. Kxh3 } 46... Ke7
} 47. Kg4 } 47... Kf7 } 48. Kg5 } 48... Ke7 } 49. Kg6 } 49... Kf8 } 50. Rxe6 }
{#r} 1-0

[Event "2020 Norman Friedman CLASSIC"]
[Site "Chess.com"]
[Date "2020.10.10"]
[Round "1"]
[White "WaSabi5829"]
[Black "BatmanNelson"]
[Result "1-0"]
[WhiteElo "1730"]
[BlackElo "1360"]

1. c4 } 1... e6 } 2. Nc3 } 2... d5 } 3. cxd5 } 3... exd5 } 4. d4 } 4... Nc6 }
5. Bf4 } 5... Nf6 } 6. e3 } 6... g6 } 7. Bd3 } 7... Bg7 } 8. Nf3 } 8... O-O }
9. Qc2 } 9... Bg4 } 10. Be2 } 10... b6 } 11. a3 } 11... a5 } 12. O-O } 12...
Re8 } 13. h3 } 13... Bf5 } 14. Bd3 } 14... Ne4 } 15. Bxe4 } 15... Bxe4 } 16.
Nxe4 } 16... dxe4 } 17. Qxc6 } 17... exf3 } 18. Qxf3 } 18... Re7 } 19. Bg5 }
19... f6 } 20. Bxf6 } 20... Bxf6 } 21. Qxf6 } 21... Rd7 } 22. Qxd8+ } 22...
Raxd8 } 23. Rfd1 } 23... c5 } 24. Rd3 } 24... cxd4 } 25. Rad1 } 25... Rc7 }
26. exd4 } 26... Rc2 } 27. R3d2 } 27... Rc4 } 28. Kf1 } 28... Re8 } 29. g3 }
29... Kf8 } 30. Kg2 } 30... Ke7 } 31. Re1+ } 31... Kd7 } 32. Rxe8 } 32... Kxe8
} 33. Kf3 } 33... Ke7 } 34. Ke4 } 34... Kd6 } 35. f4 } 35... b5 } 36. g4 }
36... Rc1 } 37. Rd3 } 37... Re1+ } 38. Kf3 } 38... Kd5 } 39. Re3 } 39... Rd1 }
40. Re5+ } 40... Kxd4 } 41. Rxb5 } 41... Rd2 } 42. Rb7 } 42... Rd3+ } 43. Kg2
} 43... h5 } 44. Rd7+ } 44... Ke4 } 45. Rxd3 } 45... Kxd3 } 46. gxh5 } 46...
gxh5 } 47. f5 } 47... h4 } 48. f6 } 48... a4 } 49. f7 } 49... Kd4 } 50. f8=Q }
50... Ke5 } 51. Qb4 } 51... Kd5 } 52. Qxa4 } 52... Kc5 } 53. b4+ } 53... Kb6 }
54. Qa5+ } 54... Kb7 } 55. Qb5+ } 55... Ka7 } 56. a4 } 56... Ka8 } 57. Qd7 }
57... Kb8 } 58. a5 } 58... Ka8 } 59. b5 } 59... Kb8 } 60. a6 } 60... Ka8 } 61.
b6 } 61... Kb8 } 62. Qd8# } 1-0

[Event "2020 Norman Friedman CLASSIC"]
[Site "Chess.com"]
[Date "2020.10.10"]
[Round "1"]
[White "B1ad3z"]
[Black "jovial_adversary"]
[Result "0-1"]
[WhiteElo "1429"]
[BlackElo "1884"]

1. d4 } 1... d5 } 2. c4 } 2... c6 } 3. Nc3 } 3... Nf6 } 4. Nf3 } 4... e6 } 5.
Bf4 } 5... Bd6 } 6. Bxd6 } 6... Qxd6 } 7. e3 } 7... O-O } 8. Bd3 } 8... dxc4 }
9. Bxc4 } 9... b5 } 10. Bd3 } 10... Bb7 } 11. O-O } 11... a6 } 12. a3 } 12...
c5 } 13. dxc5 } 13... Qxc5 } 14. Rc1 } 14... Qb6 } 15. Qe2 } 15... Nc6 } 16.
Rfd1 } 16... Rfd8 } 17. h3 } 17... Rac8 } 18. Bc2 } 18... Rxd1+ } 19. Rxd1 }
19... Rd8 } 20. Rxd8+ } 20... Qxd8 } 21. Qd3 } 21... Qxd3 } 22. Bxd3 } 22...
Ne7 } 23. Nd4 } 23... Ned5 } 24. Nxd5 } 24... Nxd5 } 25. Be4 } 25... Kf8 } 26.
Bxd5 } 26... Bxd5 } 27. Kf1 } 27... Ke7 } 28. g3 } 28... f6 } 29. Ke2 } 29...
Kd6 } 30. Nf3 } 30... Bc4+ } 31. Kd2 } 31... Bf1 } 32. h4 } 32... e5 } 33. Kc3
} 33... a5 } 34. Nd2 } 34... Be2 } 35. Nb3 } 35... a4 } 36. Nd2 } 36... Kd5 }
37. b3 } 37... axb3 } 38. Kxb3 } 38... Kc6 } 39. a4 } 39... Bd1+ } 40. Ka3 }
40... Bxa4 } 41. Nb1 } 41... Bc2 } 42. Nc3 } 42... Bd3 } 43. Kb4 } 43... Bc4 }
44. Nb1 } 44... Kd5 } 45. Nc3+ } 45... Kc6 } 46. Nb1 } 46... Be2 } 47. Nc3 }
47... Bf1 } 48. Nb1 } 48... Kd6 } 49. Nc3 } 49... Ke6 } 50. e4 } 50... f5 }
51. Nxb5 } 51... Bxb5 } 52. Kxb5 } 52... fxe4 } 53. Kc4 } 53... Kf5 } 54. Kd5
} 54... h5 } 55. Kd6 } 55... g6 } 56. Kd5 } 56... e3 } 57. fxe3 } 57... Kg4 }
58. Kxe5 } 58... Kxg3 } 59. Kf6 } 59... Kxh4 } 60. Kxg6 } 60... Kg4 } 61. e4 }
61... h4 } 62. e5 } 62... h3 } 63. e6 } 63... h2 } 64. e7 } 64... h1=Q } 65.
Kf7 } 65... Qh5+ } 66. Kf8 } 66... Qf5+ } 67. Kg8 } 67... Qe6+ } 68. Kf8 }
68... Qf6+ } 69. Ke8 } 69... Kf5 } 70. Kd7 } 70... Qe6+ } 71. Kd8 } 71... Qd6+
} 72. Ke8 } 72... Kf6 } 73. Kf8 } 73... Qxe7+ } 74. Kg8 } 74... Qg7# } 0-1

[Event "2020 Norman Friedman CLASSIC"]
[Site "Chess.com"]
[Date "2020.10.10"]
[Round "1"]
[White "TofuNightmare"]
[Black "siegfried23"]
[Result "0-1"]
[WhiteElo "900"]
[BlackElo "1523"]

1. d4 } 1... d5 } 2. c4 } 2... c6 } 3. Nf3 } 3... Nf6 } 4. Bg5 } 4... e6 } 5.
Nc3 } 5... Be7 } 6. e3 } 6... Nbd7 } 7. Bd3 } 7... O-O } 8. O-O } 8... h6 } 9.
Bh4 } 9... b6 } 10. Qc2 } 10... Bb7 } 11. Rfe1 } 11... Rc8 } 12. cxd5 } 12...
exd5 } 13. a3 } 13... c5 } 14. b3 } 14... c4 } 15. Be2 } 15... Ne4 } 16. Bxe7
} 16... Qxe7 } 17. Nd2 } 17... cxb3 } 18. Qb2 } 18... Nxc3 } 19. Qxb3 } 19...
Nxe2+ } 20. Rxe2 } 20... Rc7 } 21. Nf3 } 21... Rfc8 } 22. Ree1 } 22... Rc2 }
23. h3 } 23... Nf6 } 24. Nh4 } 24... Ne4 } 25. Nf5 } 25... Qg5 } 26. g4 }
26... Nxf2 } 27. Kh2 } 27... Nd3+ } 28. Kg3 } 28... Nxe1 } {#R} 0-1

[Event "2020 Norman Friedman CLASSIC"]
[Site "Chess.com"]
[Date "2020.10.10"]
[Round "1"]
[White "bentheshed"]
[Black "amachin1337"]
[Result "0-1"]
[WhiteElo "1349"]
[BlackElo "1722"]

1. d4 } 1... Nf6 } 2. c4 } 2... g6 } 3. Nc3 } 3... Bg7 } 4. e3 } 4... O-O } 5.
Nf3 } 5... d6 } 6. Bd3 } 6... Nbd7 } 7. O-O } 7... e5 } 8. d5 } 8... Ne8 } 9.
e4 } 9... h6 } 10. b4 } 10... a5 } 11. Ba3 } 11... axb4 } 12. Bxb4 } 12... b6
} 13. Ne2 } 13... f5 } 14. exf5 } 14... gxf5 } 15. Bc3 } 15... e4 } 16. Bxg7 }
16... Nxg7 } 17. Bc2 } 17... exf3 } 18. gxf3 } 18... Ne5 } 19. Nd4 } 19... Qh4
} 20. Kh1 } 20... Kh8 } 21. Nc6 } 21... Nxc6 } 22. dxc6 } 22... Be6 } 23. Qd3
} 23... Bxc4 } 24. Qc3 } 24... Bxf1 } 25. Rxf1 } 25... Qf6 } 26. Qe3 } 26...
Rae8 } 27. Qd3 } 27... Ne6 } 28. Qd2 } 28... Rg8 } 29. Bb3 } 29... Qg7 } {#R}
0-1